00814nam a2200169 a 4500008004100000050002300041110004700064245009700111260004600208300001400254350000900268650007900277710005400356995009200410999001700502952012500519090709s1973 ||||||||||||||||| || u aGOV.ZAM(02)1973/14 aGovernment of the Republic of Zambia (GRZ)10aUnited National Independence Party (UNIP): national policies for the next decade 1974 - 1984 aLusakabZambia Information Servicesc1973 a70p.:ill. a0.00 aZAMBIA--POLITICS AND GOVERNMENT--UNITED NATIONAL INDEPENDENCE PARTY (UNIP) aZambia. United National Independence Party (UNIP) D0.00FCBU-MAIN LIBRARY (Kitwe)H1I0.00M1UAVAILABLEWJul 9, 2009ZZambiana Collection c60810d60810 00102lcc4070a001b001cZambiana Collectiond2022-11-30l0oGOV.ZAM(02)1973/14p03004361r2022-11-30w2022-11-30y002